000 00795nam a2200229 a 4500
003 DO-SdBNP
005 20250501115047.0
007 ta
008 221116e2022 dr ad||fr|||| 001 edspa d
020 _a9789945931747
040 _aDO-SdBNP
_bspa
_cBNPHU
082 4 _222
_bM425r
245 1 0 _aReflexiones sobre propiedad intelectual competencia y consumo. /
_cVíctor Eddy Mateo Vásquez; Prólogo, José B. Pérez Gómez
260 _aSanto Domingo :
_bOcéano Azul,
_c2022
300 _a265 p. ;
_c23 cm.
500 _aIncluye datos biográficos del autor en las solapas de las cubiertas.
590 _aInventariado 2022 / MF
650 0 _aPropiedad intelectual
_xRepública Dominicana
_947209
700 1 _aPérez Gómez, José B.
_epról.
_982837
910 _aMFeliz
942 _2ddc
_cLBS1
999 _c52958
_d52958